श्री सिध्दि माँ / (Record no. 205328)

MARC details
000 -LEADER
fixed length control field 01021nam a22002177a 4500
005 - DATE AND TIME OF LATEST TRANSACTION
control field 20240828114108.0
010 ## - LCCN (DPL NO)
LC control number B-760220
020 ## - INTERNATIONAL STANDARD BOOK NUMBER
International Standard Book Number 9780143455684
Terms of availability 299.00
035 ## - SYSTEM CONTROL NUMBER
System control number B-760220
037 ## - SOURCE OF ACQUISITION
Source of stock number/acquisition उपहार
082 ## - DEWEY DECIMAL CLASSIFICATION NUMBER
Classification number 181
100 ## - MAIN ENTRY--PERSONAL NAME
Personal name जया प्रसाद
245 ## - TITLE STATEMENT
Title श्री सिध्दि माँ /
Statement of responsibility, etc जया प्रसाद
260 ## - PUBLICATION, DISTRIBUTION, ETC. (IMPRINT)
Place of publication, distribution, etc नई दिल्ली
Name of publisher, distributor, etc डायमंड पॉकेट बुक्स
Date of publication, distribution, etc 2023
270 ## - ADDRESS
Address x-30, ओखला इंडस्ट्रियल एरिया, फेज-11
City नई दिल्ली
State or province दिल्ली
Postal code 110020
300 ## - PHYSICAL DESCRIPTION
Extent 244पृ.
Dimensions 22सेमी (अजिल्द)
490 ## - SERIES STATEMENT
Volume number/sequential designation
600 ## - SUBJECT ADDED ENTRY--PERSONAL NAME
Dates associated with a name कथा सुधा, नीम करोली बाबा का आध्यात्मिक धरोधर की
942 ## - ADDED ENTRY ELEMENTS (KOHA)
Institution code [OBSOLETE] dpl
Item type Hindi Books
Call number prefix
Source of classification or shelving scheme Dewey Decimal Classification
Classification part 181
Call number suffix जयाप्र
Holdings
Withdrawn status Lost status Not for loan Collection code Home library Current library Date acquired Source of acquisition Cost, normal purchase price Full call number Barcode Copy number Cost, replacement price Koha item type Public note
      Non-fiction Central Library Central Library 28/08/2024 उपहार/27.08.2024 299.00 181 जयाप्र B-760220 1 299.00 Hindi Books उपहार

© Delhi Public Library
Hit Counter
free hit counter